| 000 | 00437cam a2200169ua 4500 | ||
|---|---|---|---|
| 020 | _c9.60 | ||
| 041 |
_aeng _h |
||
| 082 |
_a824 _bBUR/SE |
||
| 100 | _aBurke, Edmund . | ||
| 245 |
_aSelections with essays by Hazlett Arnold and others / _cEdmund Burke. _hTextual Documents |
||
| 260 |
_aLondon : _bOxford University Press , _c1962. |
||
| 300 | _a192 ; . | ||
| 365 | _a9.60 | ||
| 504 | _a | ||
| 942 | _cBK | ||
| 999 |
_c8889 _d8889 |
||